| 000 | 00746cam a2200265 i 4500 | ||
|---|---|---|---|
| 001 | 5863 | ||
| 003 | BD-RjUL | ||
| 005 | 20211208234137.0 | ||
| 008 | 140107s1976 pau b 001 0 eng | ||
| 020 | _a0397473443 | ||
| 035 | _a(BD-RjUL)5902 | ||
| 040 |
_aDLC _cDLC _dDLC _dBD-RjUL _beng |
||
| 041 | _aeng | ||
| 082 | 0 | 0 |
_a364 _bCOC 1976 |
| 100 | 1 |
_aCohn, Alvin W. _918407 |
|
| 245 | 1 | 0 |
_aCrime and justice administration / _cAlvin W. Cohn. |
| 260 |
_aPhiladelphia : _bLippincott, _cc1976. |
||
| 300 |
_axi, 452 p. ; _c24 cm. |
||
| 504 | _aIncludes bibliographies and indexes. | ||
| 650 | 0 |
_aCriminology. _918408 |
|
| 650 | 0 |
_aCriminal justice, Administration of. _918409 |
|
| 942 |
_2ddc _cBK |
||
| 999 |
_c5863 _d5863 |
||